|
|
|
|
| LEADER |
00000cac a2200000 i 4500 |
| 003 |
Ucuenca |
| 005 |
20231208062719.0 |
| 006 |
a||||gr|||| 001 || |
| 007 |
ta |
| 008 |
007110s2006 ec aaaagr|||| 001|||spa|a |
| 020 |
|
|
|a 978-9978-85-028-2
|
| 040 |
|
|
|b spa
|a UCuenca-cdrjbv
|c UCuenca
|e rda
|
| 041 |
0 |
|
|a spa
|
| 082 |
0 |
|
|2 21
|a 306
|c 126509
|
| 100 |
1 |
|
|9 61160
|a Arteaga Matute, Diego.
|e autor
|
| 245 |
0 |
4 |
|a Los artesanos de Cuenca, en el siglo XIX /
|c Diego Arteaga Matute.
|
| 250 |
|
|
|a Primera edición.
|
| 264 |
|
1 |
|a Cuenca:
|b CIDAP,
|c 2006.
|
| 300 |
|
|
|a 153 páginas:
|b ilu
|c 21 cm
|
| 336 |
|
|
|2 rdacontent
|a texto
|b txt
|
| 337 |
|
|
|2 rdamedia
|a no mediado
|b n
|
| 338 |
|
|
|2 rdacarrier
|a volumen
|b nc
|
| 490 |
0 |
|
|a Cuadernos de Cultura Popular,
|v número 23
|
| 504 |
|
|
|a incl. ref.
|
| 505 |
1 |
|
|a Cuenca en el siglo xix -- El artesano y sus obras -- Indumentaria -- Joyas -- Menajes de hogar -- Bienes muebles -- Organización artesanal de Cuenca -- El artesano en la sociedad local -- Ubicación física de los artesanos en la urbe.
|
| 520 |
3 |
|
|a Esta publicación describe la historia de las ramas artesanales desarrolladas en la ciudad de Cuenca- Ecuador durante el siglo XIX.
|
| 650 |
1 |
0 |
|a Cultura
|9 146
|
| 650 |
1 |
7 |
|2 UCuenca-cdrjbv
|9 22260
|a Artesanías
|
| 650 |
1 |
0 |
|a Historia
|9 94
|
| 650 |
2 |
7 |
|2 UCuenca-cdrjbv
|a Historia
|x cuencana
|9 250932
|
| 852 |
|
|
|a UC-CDJBV
|
| 856 |
4 |
0 |
|u http://documentacion.cidap.gob.ec:8080/bitstream/cidap/135/1/Cuenca%20siglo%20XIX.pdf
|y Libro digital
|
| 942 |
|
|
|2 ddc
|c CR
|r rocío.campoverde@ucuenca.edu.ec
|
| 999 |
|
|
|c 125386
|d 125386
|